000 01326 a2200229 4500
001 41183
005 20260407155705.0
008 260407a2012 arg spa d
003 AR-UNSa-BCEJYS
040 _aAR-UNSa-BCEJYS
_bspa
_cAR-UNSa-BCEJYS
080 _a366.5
_xProtección del consumidor. Distintos tipos de asociaciones de consumidores
245 1 0 _aLas reformas al régimen de defensa del consumidor en el proyecto de código civil y comercial de la Nación
020 _a978-950-894-909-7
264 1 _aBuenos Aires :
_bAD-HOC
_c2012
300 _a264 p.
_c23 cm.
505 _a1. Aspectos generales y método de la reforma - 2. El objeto de la Ley de defensa del consumidor, las relaciones de consumo y el concepto "consumidor" o "usaurio" - 3. Régimen de información y publicidad - 4. Indemnización de daños materiales - 5. Régimen de prescripción - 6. Sanciones pecuniarias disuasivas - daños punitivos - 7. Contratos bancarios con consumidores y usuarios - 8. Otras normas contenidas en el proyecto - 9. Disposiciones de derecho internacional privado - 10. Apéndice legislativo
041 _aspa
942 _cBK
590 _aniveau_biblio:m niveau_hierar:0
100 1 _aVítolo, Daniel Roque
856 4 1 _uhttps://biblioeco.unsa.edu.ar/pmb/images/libros/L126407.jpg
_yImagen de portada
_qimage/jpeg
999 _c3403
_d3403